The truth of civic mission, as carried out by Indonesia's Armed Forces is no militarism. (Record no. 87250)

MARC details
000 -LEADER
fixed length control field 00643nam a22002051 4500
001 - CONTROL NUMBER
control field sa 68016689
003 - CONTROL NUMBER IDENTIFIER
control field DLC
005 - DATE AND TIME OF LATEST TRANSACTION
control field 20260227112656.0
008 - FIXED-LENGTH DATA ELEMENTS--GENERAL INFORMATION
fixed length control field 710414s1967 io 00010 eng
010 ## - LIBRARY OF CONGRESS CONTROL NUMBER
LC control number sa 68016689
025 ## - OVERSEAS ACQUISITION NUMBER
Overseas acquisition number PL480:Indo-7155
043 ## - GEOGRAPHIC AREA CODE
Geographic area code a-io---
050 0# - LIBRARY OF CONGRESS CALL NUMBER
Classification number UA853.I5
Item number A512
110 10 - MAIN ENTRY--CORPORATE NAME
Corporate name or jurisdiction name as entry element Indonesia.
Subordinate unit Angkatan Darat.
245 1# - TITLE STATEMENT
Title The truth of civic mission, as carried out by Indonesia's Armed Forces is no militarism.
260 1# - PUBLICATION, DISTRIBUTION, ETC.
Place of publication, distribution, etc. [Djakarta]
Name of publisher, distributor, etc. Dept. of Information, Republic of Indonesia
Date of publication, distribution, etc. [1967]
300 ## - PHYSICAL DESCRIPTION
Extent 62 l.
Dimensions 33 cm.
500 ## - GENERAL NOTE
General note Cover title.
651 #0 - SUBJECT ADDED ENTRY--GEOGRAPHIC NAME
Geographic name Indonesia
General subdivision Armed Forces
-- Political activity.

No items available.

Powered by Koha